01054nas a2200277Ia 4500001001600000003001000016008004100026040002500067041001300092100003100105210002100136222002100157245002400178250001100202260000900213501012300222300001400345362001600359500012800375650003800503700001100541942000700552957000600559999003300565952017800598A05/R055-41033 IT-MiCISF161014c99999999xx |||||||||||| ||und|| aIT-MiCISFcIT-MiCISF aITALIANO aMerzagora Betsos Isabella  aMinori giustizia aMinori giustizia 0aOmicidi in famiglia a1a ed. c2003 bCISF - Centro Internazionale Studi Famiglia - Via Giotto, 36 20145 MILANO (non commercial uses only)cCopyright 2016 app. 30-66 an. 4 [2003] aDi Nuovo S., Beretta G., Marchetti-Mercer M.C. Tema: violenza-in-famiglia, morte, rapporti-familiari, famiglia-problematica amaltrattamenti/violenzavarticolo aAA.VV. cCR 71 a41033bSig1c240117d240117 0010406A_05_000000000000000_R0554103371aCISFbCISFd2016-10-14l0oA05/R055-41033 r2016-10-14 00:00:00w2016-10-14yCRzData import 15.10.2016 / by Epidotti, Vaglietti